Billie Eilish - SKINNY Lyrics - Statistics

General Stats
  • This quiz has been taken 152 times
    105 since last reset
  • The average score is 149 of 178
Answer Stats
Answer % Correct
(I
100%
I
100%
(I)
100%
in
96%
Fell
94%
for
94%
love
94%
the
94%
a
92%
it
92%
it's
92%
pretty
92%
she's
92%
still
92%
Still
92%
think
92%
(and
90%
and
90%
And
90%
But
90%
friend
90%
got
90%
is
90%
(is
90%
me
90%
of
90%
old
90%
skinny
90%
time
90%
you
90%
(you
90%
because
88%
cry
88%
Cry
88%
cry?
88%
do
88%
first
88%
good
88%
happy
88%
Just
88%
when
88%
When
88%
With
88%
look
85%
maybe
85%
real
85%
say
85%
feel
83%
on
83%
People
83%
so
83%
was
83%
cage
81%
my
81%
(my)
81%
your
81%
21
79%
did
79%
hungry
79%
internet
79%
lifetime
79%
off
79%
said
79%
took
79%
Am
77%
bird
77%
fine
77%
funny
77%
keep
77%
feed
75%
Feelin'
75%
I'm
75%
now?
75%
secret
75%
sign
75%
stage
75%
step
75%
age
73%
dog
73%
gotta
73%
kind
73%
know
73%
out?
73%
somebody's
73%
way
73%
acting
71%
already
71%
didn't
71%
long
71%
loved
71%
why
71%
get
69%
never
67%
(never
67%
Hm
65%
hm
65%
meanest
65%
Oh
65%
wrong)
60%
wrong
60%
pound
58%
gone)
56%
gone
56%
patience
56%
No matching quizzes found
Score Distribution
Percent of People with Each Score
Percentile by Number Answered
Your Score History
You have not taken this quiz since the last reset